| 000 | 00471nam a22001817a 4500 | ||
|---|---|---|---|
| 999 |
_c17313 _d17313 |
||
| 008 | 181022b xxu||||| |||| 00| 0 eng d | ||
| 020 | _a0750667354 | ||
| 050 |
_aG155 _b.S93 2007 c.1 |
||
| 100 | _aSwarbrooke, John | ||
| 245 |
_aConsumer Behaviour in Tourism _cJohn Swarbrooke |
||
| 250 | _a2nd ed. | ||
| 260 |
_aLondon _bRoutledge _c2007 |
||
| 300 | _aix, 428p. | ||
| 650 | _aConsumer Behaviour | ||
| 650 | _aTourism | ||
| 710 | _aSusan Horner | ||
| 942 |
_2lcc _cBK |
||